000 00291nam a22001337a 4500
008 170623b xxu||||| |||| 00| 0 eng d
020 _a0133899748
041 _aeng
080 _22ND
_a94
100 _a16
101 _aSHH
245 _aA HISTORY OF ENGLAND
_cROBERTS,C
942 _2udc
_cBK
999 _c18962
_d18962